Das Heilige (in) der Kultur : Unverfügbarkeit - Latenz - Widmung /

Über das Heilige wird schon lange und in vielen Disziplinen nachgedacht - der vorliegende Band stellt eine neue Bestimmung zur Diskussion. Darin wird das Heilige als Phänomen gefasst, in dem stets zwei komplementäre Handlungen zusammenkommen: eine des Ausschließens (durch die Zuschreibung etwa von U...

وصف كامل

محفوظ في:

مؤلفون آخرون: Eke, Norbert Otto (المحرر), Heinrichs, Ulrike (المحرر), Laak, Lothar van (المحرر), Süßmann, Johannes (المحرر)

التنسيق: كتاب الكتروني

اللغة: English
German

منشور في: Paderborn : Ferdinand Schöningh, Brill | Fink, 2025.

سلاسل: Schöningh and Fink Literature and Culture Studies E-Books Online, Collection 2025.

الموضوعات:

الوصول للمادة أونلاين: Login to view Source

الوسوم: إضافة وسم

لا توجد وسوم, كن أول من يضع وسما على هذه التسجيلة!

رقم الطلب: PK6530

LEADER 02956nam a22005058i 4500
001 BRILL9783846767306
003 nllekb
005 20251023165850.0
006 m d
007 cr un uuuua
008 250709s2025 gw sb 001 0 eng d
020 |a 9783846767306  |q (electronic book) 
020 |z 9783770567300  |q (print) 
024 7 |a 10.30965/9783846767306  |2 DOI 
035 |z (OCoLC)1346655946 
040 |a NL-LeKB  |c NL-LeKB  |e rda 
041 |a ger  |a eng 
050 4 |a PK6530 
072 7 |a HIS  |x 000000  |2 bisacsh 
072 7 |a JFCX  |2 bicssc 
072 7 |a PHI  |x 009000  |2 bisacsh 
082 0 4 |a 800  |2 23 
245 0 0 |a Das Heilige (in) der Kultur :  |b Unverfügbarkeit - Latenz - Widmung /  |c edited by Norbert Otto Eke, Ulrike Heinrichs, Lothar van Laak, and Johannes Süßmann. 
246 3 |a Unverfügbarkeit - Latenz - Widmung 
264 1 |a Paderborn :  |b Ferdinand Schöningh, Brill | Fink,  |c 2025. 
264 4 |c ©2025 
300 |a 1 online resource (400 pages) :  |b illustrations. 
336 |a text  |b txt  |2 rdacontent 
337 |a computer  |b c  |2 rdamedia 
338 |a online resource  |2 rdacarrier 
490 1 |a Schöningh and Fink Literature and Culture Studies E-Books Online, Collection 2025 
504 |a Includes bibliographical references and index. 
520 |a Über das Heilige wird schon lange und in vielen Disziplinen nachgedacht - der vorliegende Band stellt eine neue Bestimmung zur Diskussion. Darin wird das Heilige als Phänomen gefasst, in dem stets zwei komplementäre Handlungen zusammenkommen: eine des Ausschließens (durch die Zuschreibung etwa von Unverfügbarkeit, Unverhandelbarkeit oder Unübertretbarkeit) und eine der Ingebrauchnahme (durch Widmung oder Heiligung). Ob diese Bestimmung hinreichend konkret ist, um die vielen Erscheinungsformen des Heiligen analytisch aufzuschließen, wird hier aus Sicht von Soziologie und Philosophie, jüdischer und islamischer Theologie, Geschichte, Literaturwissenschaft und Kunsthistorie ebenso kritisch diskutiert wie der Geltungsbereich der Bestimmung. Denn sie beansprucht, das Heilige sowohl in religiös-transzendenten Zusammenhängen dingfest machen zu können, als auch in säkularen; sowohl in seinen heutigen, als auch in seinen historischen Erscheinungsformen. 
546 |a German and English 
588 |a Description based on print version record. 
650 0 |a Literature and Cultural Studies. 
700 1 |a Eke, Norbert Otto,  |e editor. 
700 1 |a Heinrichs, Ulrike,  |e editor. 
700 1 |a Laak, Lothar van,  |e editor. 
700 1 |a Süßmann, Johannes,  |e editor. 
776 0 8 |i Print version:  |t Das Heilige (in) der Kultur : Unverfügbarkeit - Latenz - Widmung.  |d Paderborn : Ferdinand Schöningh, Brill | Fink, 2025.  |z 9783770567300 
830 0 |a Schöningh and Fink Literature and Culture Studies E-Books Online, Collection 2025. 
856 4 |z DOI:   |u http://dx.doi.org/10.30965/9783846767306 
942 |2 lcc  |c EBOOK 
999 |c 61366  |d 61366